Tilastot visalle Suomen suurimmat rannikkokaupungit

Klikkaa tästä pelataksesi tätä visaa!

Yleistilastot

  • Tätä visaa on pelattu 110 kertaa
  • Keskiarvotulos 23 / 30

Vastaustilastot

VäkilukuKaupunki% Oikein
658 864Helsinki
100%
658 864Helsinki
100%
209 648Oulu
97%
209 648Oulu
97%
195 301Turku
96%
195 301Turku
96%
297 354Espoo
92%
297 354Espoo
92%
51 248Kotka
92%
51 248Kotka
92%
67 631Vaasa
89%
67 631Vaasa
89%
83 491Pori
87%
51 135Porvoo
82%
51 135Porvoo
82%
38 970Rauma
80%
38 970Rauma
80%
47 915Kokkola
79%
47 915Kokkola
79%
19 709Hamina
71%
19 991Kemi
69%
51 407Salo
64%
21 326Tornio
63%
24 260Raahe
59%
24 260Raahe
59%
27 481Raasepori
56%
27 481Raasepori
56%
24 818Raisio
45%
35 502Kaarina
43%
35 502Kaarina
43%

Tulosjakauma

Persentiili vastausten määrän mukaan

Jokaisen tuloksen saaneiden osuus

Tuloshistoriasi

Et ole pelannut tätä visaa